[Event "Cheliabinsk op 08"]
[Site "Cheliabinsk"]
[Date "2009.08.15"]
[Round "9"]
[White "Perezolov, Gerald"]
[Black "Lefebr, Vladislav"]
[Result "1/2-1/2"]
[WhiteElo "2071"]
[BlackElo "2110"]
[PlyCount "35"]
[EventDate "2009.08.08"]
[EventType "swiss"]
[EventRounds "9"]
[EventCountry "RUS"]
[SourceTitle "CBM 132 Extra"]
[Source "ChessBase"]
[SourceDate "2009.11.03"]
[SourceVersion "1"]
[SourceVersionDate "2009.11.03"]
[SourceQuality "1"]

1. d4 d5 2. Nf3 Nf6 3. Bf4 Bf5 4. e3 e6 5. Bd3 Bxd3 6. Qxd3 c6 7. 0-0 Bd6 8. Bg3 Bxg3 9. hxg3 Nbd7 10. c4 0-0 11. Nc3 dxc4 12. Qxc4 Qb6 13. b4 Rfe8 14. a4 e5 15. a5 Qc7 16. a6 e4 17. Nd2 Nb6 18. Qc5 1/2-1/2

[Event "Cheliabinsk Region-ch"]
[Site "Cheliabinsk"]
[Date "2008.03.06"]
[Round "6"]
[White "Smetanin, Anatoly1"]
[Black "Perezolov, Gerald"]
[Result "0-1"]
[WhiteElo "2283"]
[BlackElo "2132"]
[PlyCount "50"]
[EventDate "2008.03.01"]
[EventType "swiss"]
[EventRounds "9"]
[EventCountry "RUS"]
[SourceTitle "CBM 123 Extra"]
[Source "ChessBase"]
[SourceDate "2008.05.06"]
[SourceVersion "1"]
[SourceVersionDate "2008.05.06"]
[SourceQuality "1"]

1. d4 Nf6 2. c4 g6 3. Nc3 Bg7 4. Nf3 d6 5. e4 0-0 6. Be2 c5 7. d5 Nbd7 8. h3 a6 9. a4 Ne8 10. 0-0 Ne5 11. Nxe5 Bxe5 12. Bh6 Bg7 13. Bxg7 Nxg7 14. f4 Qc7 15. g4 f5 16. exf5 gxf5 17. g5 Bd7 18. Bf3 Be8 19. h4 e5 20. fxe5 dxe5 21. d6 Qd8 22. Qd2 f4 23. Ne4 Ne6 24. Rf2 Kh8 25. Qd5 Ng7 0-1

[Event "Cheliabinsk Region-ch"]
[Site "Cheliabinsk"]
[Date "2008.03.01"]
[Round "1"]
[White "Kozirev, Alexander"]
[Black "Perezolov, Gerald"]
[Result "1-0"]
[WhiteElo "2367"]
[BlackElo "2132"]
[PlyCount "107"]
[EventDate "2008.03.01"]
[EventType "swiss"]
[EventRounds "9"]
[EventCountry "RUS"]
[SourceTitle "CBM 123 Extra"]
[Source "ChessBase"]
[SourceDate "2008.05.06"]
[SourceVersion "1"]
[SourceVersionDate "2008.05.06"]
[SourceQuality "1"]

1. e4 c5 2. Nf3 Nc6 3. d4 cxd4 4. Nxd4 e5 5. Nb5 a6 6. Nd6+ Bxd6 7. Qxd6 Qe7 8. Qxe7+ Ngxe7 9. Nc3 Nb4 10. Kd1 d6 11. a3 Nbc6 12. Be3 Be6 13. Kd2 d5 14. exd5 Nxd5 15. Nxd5 Bxd5 16. Rd1 0-0 17. Kc1 Be6 18. Bd3 Rac8 19. Rhe1 f5 20. f3 Rfe8 21. Kb1 g6 22. Bc1 Kf7 23. b3 f4 24. Bb2 Bf5 25. Bxf5 gxf5 26. Rd7+ Kg6 27. Rxb7 e4 28. Rg7+ Kh6 29. fxe4 Re6 30. Rf1 Rxe4 31. g3 Nd4 32. Ra7 Rc6 33. Bxd4 Rxd4 34. Rxf4 Rd1+ 35. Kb2 Rd2 36. Rc4 Rxc4 37. bxc4 Rxh2 38. c5 Re2 39. Rxa6+ Kg5 40. Ra4 Kf6 41. c6 Re8 42. Kc3 Re3+ 43. Kd4 Rxg3 44. c7 Rg8 45. Kc5 h5 46. Kd6 Kg5 47. Rb4 Rc8 48. Rb8 Rxc7 49. Kxc7 f4 50. a4 h4 51. a5 h3 52. a6 f3 53. a7 f2 54. Rb1 1-0

[Event "Cheliabinsk Region Cup 5th"]
[Site "Cheliabinsk"]
[Date "2007.09.07"]
[Round "6"]
[White "Fesenko, Vitaly"]
[Black "Perezolov, Gerald"]
[Result "1/2-1/2"]
[WhiteElo "2257"]
[BlackElo "2123"]
[PlyCount "97"]
[EventDate "2007.09.02"]
[EventType "swiss"]
[EventRounds "9"]
[EventCountry "RUS"]
[SourceTitle "EXT 2022"]
[Source "ChessBase"]
[SourceDate "2021.10.06"]
[SourceVersion "1"]
[SourceVersionDate "2021.10.06"]
[SourceQuality "1"]

1. e4 Nf6 2. e5 Nd5 3. d4 e6 4. c4 Bb4+ 5. Nd2 Nb6 6. Ngf3 Nc6 7. a3 Be7 8. Bd3 d6 9. exd6 cxd6 10. 0-0 Bf6 11. Nb3 0-0 12. Qc2 g6 13. Bh6 Re8 14. Rad1 Bd7 15. Rfe1 Rc8 16. Bf4 Be7 17. Qe2 a5 18. h4 a4 19. Nbd2 Na5 20. h5 Kg7 21. hxg6 hxg6 22. Rc1 Bc6 23. Qe3 Bxf3 24. Qxf3 Bg5 25. Bxg5 Qxg5 26. Ne4 Qe7 27. c5 dxc5 28. Nxc5 Rh8 29. g3 Nc6 30. d5 Nxd5 31. Nxa4 Qg5 32. Nc5 b6 33. Ne4 Qh6 34. Qg2 Ne5 35. Rxc8 Rxc8 36. Bb1 Rc1 37. Rf1 f5 38. Nc3 Nxc3 39. bxc3 Rxc3 40. f4 Ng4 41. Rd1 Rc7 42. Qb2+ Kf7 43. Ba2 Re7 44. Qe2 Nf6 45. Rd6 Ne4 46. Rxb6 Qf8 47. Qc4 Qe8 48. Kh2 Qd7 49. Rb2 1/2-1/2

[Event "Cheliabinsk Region Cup 5th"]
[Site "Cheliabinsk"]
[Date "2007.09.02"]
[Round "1"]
[White "Perezolov, Gerald"]
[Black "Dvoirys, Semen I"]
[Result "0-1"]
[WhiteElo "2123"]
[BlackElo "2577"]
[PlyCount "66"]
[EventDate "2007.09.02"]
[EventType "swiss"]
[EventRounds "9"]
[EventCountry "RUS"]
[SourceTitle "EXT 2022"]
[Source "ChessBase"]
[SourceDate "2021.10.06"]
[SourceVersion "1"]
[SourceVersionDate "2021.10.06"]
[SourceQuality "1"]

1. Nf3 c5 2. c4 Nc6 3. Nc3 Nf6 4. d4 cxd4 5. Nxd4 Qb6 6. Nc2 e6 7. e3 a6 8. Rb1 Be7 9. Be2 0-0 10. 0-0 Qc7 11. b3 Rd8 12. e4 Bd6 13. h3 Bh2+ 14. Kh1 Be5 15. Na4 Nxe4 16. Bd3 d5 17. Bxe4 dxe4 18. Qe2 b5 19. Nb2 Bb7 20. a4 b4 21. Nd1 Nd4 22. Nxd4 Rxd4 23. Bb2 Rd3 24. Bxe5 Qxe5 25. Ne3 Rad8 26. Rfc1 f5 27. c5 Bc6 28. Qh5 Qf4 29. Qe2 Qh4 30. Qf1 f4 31. Ng4 Qg5 32. Rd1 h5 33. Nh2 Qxc5 0-1

[Event "Cheliabinsk CC-ch Seniors"]
[Site "Cheliabinsk"]
[Date "2007.07.31"]
[Round "2"]
[White "Geshelin, Yuri"]
[Black "Perezolov, Gerald"]
[Result "0-1"]
[WhiteElo "2088"]
[BlackElo "2123"]
[PlyCount "131"]
[EventDate "2007.07.29"]
[EventType "tourn"]
[EventRounds "7"]
[EventCountry "RUS"]
[SourceTitle "EXT 2022"]
[Source "ChessBase"]
[SourceDate "2021.10.06"]
[SourceVersion "1"]
[SourceVersionDate "2021.10.06"]
[SourceQuality "1"]

1. d4 d5 2. Bf4 Nf6 3. e3 e6 4. Nf3 Nbd7 5. c3 Be7 6. h3 b6 7. Bd3 Bb7 8. Nbd2 c5 9. 0-0 Ne4 10. Ne5 Nxd2 11. Qxd2 0-0 12. Qc2 f5 13. Rae1 Nf6 14. f3 Rc8 15. Qe2 Nh5 16. Bh2 Bh4 17. Rd1 Bg3 18. f4 Bxh2+ 19. Kxh2 g6 20. Qf2 Rc7 21. g4 Nf6 22. gxf5 exf5 23. Rg1 cxd4 24. exd4 Ne4 25. Qg2 Rg7 26. Rdf1 a6 27. Nf3 b5 28. a3 Qc7 29. Ne5 Bc6 30. Qe2 Be8 31. Bc2 Qe7 32. Bb3 Qd6 33. Rg2 Kh8 34. Rfg1 Bf7 35. Qe1 Qd8 36. Rf1 Bg8 37. Nc6 Qd6 38. Ne5 a5 39. Qh4 Rf6 40. Rfg1 Bf7 41. Kh1 Kg8 42. Bc2 Be8 43. Bd3 b4 44. axb4 axb4 45. cxb4 Rf8 46. b5 Qb4 47. Nc6 Bxc6 48. bxc6 Qxd4 49. Ba6 Qb6 50. Bb7 Nd6 51. Qe1 Nxb7 52. cxb7 Qxb7 53. Qe6+ Qf7 54. Re1 Qxe6 55. Rxe6 Rd8 56. Rd2 d4 57. Kg2 Rb7 58. h4 Kf7 59. Rc6 Rb3 60. Rc7+ Kg8 61. h5 d3 62. hxg6 hxg6 63. Kf3 Rxb2 64. Rxb2 d2 65. Rxd2 Rxd2 66. Kg3 0-1